| 000 | 00561cac a22001811u 4500 | ||
|---|---|---|---|
| 090 | _c1831 | ||
| 008 | 081112t1974 xxu||||| |||| 00| 0 eng d | ||
| 010 | _a74003997 | ||
| 020 | _a0801408369 | ||
| 082 | 0 | 0 |
_a301.29953 _bERR |
| 245 | 1 | 0 |
_aKaravar : _bMasks and Power in a Melanesian Ritual / _cFrederick K. Errington. |
| 260 |
_aIthaca [N.Y.] _bCornell University Press, _cc1974. |
||
| 300 |
_a259 p. _bill.; _c22 cm. |
||
| 500 | _aDonations. | ||
| 500 | _aDonations - Dr. Mostafa Gouda. | ||
| 504 | _aBibliography: p. 255-256. | ||
| 942 |
_cBB _k301.29953ERR _2ddc |
||
| 999 |
_c1831 _d1831 |
||